Front office office (Record no. 854744)

MARC details
000 -LEADER
fixed length control field 00342nam a2200133Ia 4500
008 - FIXED-LENGTH DATA ELEMENTS--GENERAL INFORMATION
fixed length control field 230818s2001 xx 000 0 und d
041 ## - LANGUAGE CODE
Language code of text/sound track or separate title eng
100 ## - MAIN ENTRY--PERSONAL NAME
Personal name Abbott & Lewry
245 ## - TITLE STATEMENT
Title Front office office
260 ## - PUBLICATION, DISTRIBUTION, ETC.
Name of publisher, distributor, etc. Plante Tree butter worth pub.
Date of publication, distribution, etc. 2001
300 ## - PHYSICAL DESCRIPTION
Extent 211p
520 ## - SUMMARY, ETC.
Summary, etc. General | Hard Board
650 ## - SUBJECT ADDED ENTRY--TOPICAL TERM
Topical term or geographic name entry element Hotel Front office
Holdings
Withdrawn status Lost status Damaged status Not for loan Home library Current library Date acquired Source of acquisition Cost, normal purchase price Total Checkouts Barcode Date last seen Cost, replacement price Price effective from Koha item type
        College of Hotel & Tourism Management Studies, Navi Mumbai College of Hotel & Tourism Management Studies, Navi Mumbai 18/08/2023 Janam marketing 795.00   HMM-B1192 18/08/2023 795.00 18/08/2023 Book